|
|
|
|
| LEADER |
00000nam a2200000 a 4500 |
| 001 |
UCX1972 |
| 003 |
CL-VaPUC |
| 005 |
20250328153208.0 |
| 008 |
901207e19890000CL |||||||||||||||||spa|d |
| 999 |
|
|
|c 223090
|d 223088
|
| 040 |
|
|
|c Pontificia Universidad Católica de Valparaíso
|
| 082 |
0 |
4 |
|a 338.006 ORT 1989
|2 21
|
| 100 |
|
|
|a Ortega Martínez, Luis
|e autor
|9 575490
|
| 245 |
1 |
0 |
|a Corporación de Fomento de la Producción:
|b 50 años de realizaciones 1939-1989
|
| 260 |
|
|
|a Santiago, Chile
|b USACH
|c 1989
|
| 300 |
|
|
|a 303 páginas
|
| 583 |
|
|
|a last modification
|c 19901207 00:00:00
|k Rodrigo Vera
|
| 610 |
|
|
|2 CORFO
|
| 650 |
|
0 |
|a Historia
|z CHILE
|9 255047
|
| 700 |
|
|
|a Norambuena Carrasco, Carmen Eliana
|e autora
|9 876162
|
| 700 |
|
|
|a Pinto Vallejos, Julio
|e autor
|9 486822
|
| 700 |
0 |
|
|a Bravo Acevedo, Guillermo
|e author
|9 317698
|
| 852 |
|
|
|a BIBCUR
|
| 942 |
|
|
|c BK
|2 ddc
|
| 945 |
|
|
|d 19901207 00:00:00
|
| 952 |
|
|
|0 0
|1 0
|2 ddc
|4 0
|6 338_006000000000000_ORT_1989
|7 0
|8 X
|9 218553
|a BIBHIS
|b BIBHIS
|d 2019-11-15
|i 2873656
|o 338.006 ORT 1989
|p 2873656
|r 2024-01-30
|t 1
|w 2019-11-15
|y BK_X
|k HIS
|
| 952 |
|
|
|0 0
|1 0
|2 ddc
|4 0
|6 338_006000000000000_ORT_1989
|7 0
|8 A
|9 218554
|a BIBENE
|b BIBENE
|d 2019-11-15
|i 3263932
|o 338.006 ORT 1989
|p 3263932
|r 2025-01-15
|t 2
|w 2019-11-15
|y BK
|k ICO
|